000 00657nam a22002177a 4500
003 0
005 20250103140916.0
008 250103b xxu||||| |||| 00| 0 eng d
020 _a9781647254988
050 _aQA 303.2
_b.B35 2024
100 _aBaker, Megan
_eauthor.
245 _aCalculus :
_ba comprehensive course /
_cMegan Baker.
260 _aForest Hills, NY :
_bNY Research Press,
_c2024.
300 _avii, 198 p. :
_bcol. ill. ;
_c27 cm.
504 _aIncludes bibliographical references and index.
650 _aCalculus.
650 _aMathematical analysis.
650 _aFunctions.
650 _aGeometry, Infinitesimal.
942 _2lcc
_cBK
999 _c366868
_d366868